[Event "Mistrzostwa Miedzywojewodzkie Juniorow OP-SL C11"]
[Site "OW ”Sudety” Pokrzywna "]
[Date "1899-12-30"]
[Round "6.11"]
[White "Sidlo, Szymon"]
[Black "Raclawicki, Tymoteusz"]
[Result "0-1"]
[WhiteTitle "II"]
[BlackTitle "III"]
[WhiteElo "1148"]
[BlackElo "1217"]

1. e4 c5 2. Nf3 d6 3. d4 cxd4 4. Nxd4 g6 5. Nc3 Bg7 6. Be2 Bd7 7. O-O Nc6 8. Be3
Nf6 9. Qd2 Ng4 10. Bxg4 Bxg4 11. h3 Bd7 12. Rad1 O-O 13. f4 f5 14. exf5 Bxf5 15.
g4 Bd7 16. f5 Nxd4 17. Bxd4 Bxd4+ 18. Qxd4 gxf5 19. gxf5 Bxf5 20. Rxf5 Rxf5 21.
Qg4+ Kh8 22. Qxf5 Qb6+ 23. Qf2 Qxb2 24. Nd5 Rg8+ 25. Kh1 Qg7 26. Qd4 e5 27. Qf2
Rf8 28. Qxa7 Qg3 29. Qe3 Rf3 30. Qh6 Rf2 31. Qd2 Qh2# 0-1

[Event "Mistrzostwa Miedzywojewodzkie Juniorow OP-SL C11"]
[Site "OW ”Sudety” Pokrzywna "]
[Date "1899-12-30"]
[Round "6.12"]
[White "Myszor, Przemyslaw"]
[Black "Miler, Franciszek"]
[Result "1/2-1/2"]
[WhiteTitle "II"]
[BlackTitle "III"]
[WhiteElo "1076"]
[BlackElo "1131"]

1. e4 c5 2. c3 Nf6 3. e5 Nd5 4. d4 cxd4 5. cxd4 Nc6 6. Nf3 d6 7. Bc4 Nb6 8. Bb3
dxe5 9. dxe5 Qxd1+ 10. Bxd1 Bg4 11. Bf4 e6 12. a3 Rd8 13. Nbd2 Bc5 14. O-O O-O
15. h3 Bxf3 16. Nxf3 Bd4 17. Nxd4 Nxd4 18. Be3 Nc4 19. Re1 Nxb2 20. Bxd4 Rxd4
21. Rb1 Rd2 22. Bf3 b6 23. Be2 Na4 24. Bf3 Rfd8 25. Rbd1 Rxd1 26. Rxd1 Rxd1+ 27.
Bxd1 Nb2 28. Be2 h6 29. f4 Kh7 30. Kf2 f6 31. Ke3 Kg6 32. Ke4 Na4 33. exf6 gxf6
34. Bc4 Nc5+ 35. Kd4 Kf5 36. g3 e5+ 37. Ke3 exf4+ 38. gxf4 Kg6 39. Be2 Kf5 40.
Bc4 Kg6 41. Be2 f5 42. Bd3 Nxd3 43. Kxd3 Kf6 44. Kd4 Ke6 45. Kc4 Kd6 46. Kb5 Kc7
47. h4 h5 48. a4 Kb7 49. Kc4 Kc6 50. Kd4 Kd6 51. Kc4 a6 52. Kd4 b5 53. a5 b4 54.
Kc4 b3 55. Kxb3 Kc5 56. Kc3 Kd5 57. Kb4 Ke4 58. Kc5 Kxf4 59. Kb6 Kg4 60. Kxa6
f4 61. Kb6 f3 62. a6 f2 63. a7 f1=Q 64. a8=Q Qb1+ 65. Kc5 Qf5+ 66. Kd4 Qf2+ 67.
Ke5 Qg3+ 68. Kf6 Qxh4+ 69. Kg7 Qg5+ 70. Kf7 Qf5+ 71. Kg7 Qe5+ 72. Kh6 Qf6+ 73.
Kh7 h4 74. Qg2+ Kh5 75. Qe2+ Kg5 76. Qd2+ Qf4 77. Qd8+ Kg4 78. Qd1+ Kg3 79. Qg1+
Kh3 80. Qh1+ Qh2 81. Qf3+ 1/2-1/2

[Event "Mistrzostwa Miedzywojewodzkie Juniorow OP-SL C11"]
[Site "OW ”Sudety” Pokrzywna "]
[Date "1899-12-30"]
[Round "6.13"]
[White "Chruszcz, Mariusz"]
[Black "Grzybek, Mikolaj"]
[Result "0-1"]
[WhiteTitle "III"]
[BlackTitle "II"]
[WhiteElo "1032"]
[BlackElo "1285"]

1. e4 c5 2. Nc3 Nc6 3. g3 g6 4. Bg2 Bg7 5. f4 d6 6. d3 e6 7. Nf3 Nge7 8. O-O O-O
9. Be3 Nd4 10. Rb1 Nec6 11. Ne2 Rb8 12. c3 Nxf3+ 13. Bxf3 e5 14. Qd2 f5 15. fxe5
Nxe5 16. Bg2 b6 17. Bf4 Ba6 18. Bxe5 dxe5 19. c4 Bxc4 20. Rfd1 Bxa2 21. Ra1 Bb3
22. Rdc1 a5 23. Ra3 Be6 24. Rd1 Qd7 25. exf5 Bxf5 26. Be4 Bh3 27. Qc2 Qf7 28.
Raa1 Qf2+ 29. Kh1 Rf3 30. Rg1 Re3 31. Rae1 Rxe4 32. Nf4 Qxc2 33. Rxe4 exf4 34.
Rxf4 Bd4 35. Rxd4 cxd4 36. b4 Qf2 37. bxa5 Qf3+ 38. Rg2 Qxg2# 0-1

[Event "Mistrzostwa Miedzywojewodzkie Juniorow OP-SL C11"]
[Site "OW ”Sudety” Pokrzywna "]
[Date "1899-12-30"]
[Round "7.1"]
[White "Herwy, Jakub"]
[Black "Pisarek, Jan"]
[Result "1-0"]
[WhiteTitle "II+"]
[BlackTitle "II"]
[WhiteElo "1331"]
[BlackElo "1371"]

1. e4 c5 2. c4 Nc6 3. Nc3 g6 4. Nge2 Bg7 5. d3 d6 6. g3 e6 7. Bg2 Nge7 8. O-O O-O
9. Be3 Nd4 10. f4 Nec6 11. Qd2 Rb8 12. Rae1 a6 13. h3 Bd7 14. Kh2 b5 15. b3 b4
16. Nd1 Nxe2 17. Qxe2 Nd4 18. Bxd4 cxd4 19. h4 e5 20. f5 Kh8 21. Bh3 Bf6 22. Nf2
gxf5 23. exf5 Rg8 24. Qh5 Bc6 25. Ng4 Rb7 26. Re2 a5 27. Nh6 Rg7 28. Rfe1 Re7
29. Bg2 Bxg2 30. Rxg2 Rc7 31. Kh3 Qa8 32. Re4 Qf8 33. g4 Bd8 34. g5 Rb7 35. Ree2
Rc7 36. Ref2 f6 37. g6 Rb7 38. Rf1 hxg6 39. fxg6 Rh7 40. gxh7 Rxh7 41. Rg6 Rg7
42. Rfg1 1-0

[Event "Mistrzostwa Miedzywojewodzkie Juniorow OP-SL C11"]
[Site "OW ”Sudety” Pokrzywna "]
[Date "1899-12-30"]
[Round "7.2"]
[White "Bogusz, Alan"]
[Black "Wiatrowski, Zbigniew"]
[Result "1-0"]
[WhiteTitle "II+"]
[BlackTitle "II"]
[WhiteElo "1754"]
[BlackElo "1403"]

1. d4 Nf6 2. c4 e6 3. g3 d5 4. Nf3 b6 5. Bg2 Bb4+ 6. Nbd2 O-O 7. O-O Bb7 8. Ne5
Bxd2 9. Bxd2 Nbd7 10. Bg5 Qc8 11. Nxd7 Nxd7 12. cxd5 Bxd5 13. Bxd5 exd5 14. Rc1
Re8 15. Re1 Nf8 16. Kg2 Ne6 17. Be3 Qb7 18. f3 Rac8 19. Qb3 Re7 20. Bf2 f5 21.
h4 Qa8 22. Qa3 Rf7 23. Qb4 Rd8 24. a4 Rd6 25. a5 Qd8 26. axb6 Rxb6 27. Qa3 a6
28. e3 Qf6 29. Rc3 Rf8 30. Rb3 Rfb8 31. Rxb6 Rxb6 32. Rc1 Qg6 33. Kh2 Rd6 34.
Qa4 h6 35. Qc2 Qh5 36. Kg2 Rb6 37. Ra1 Qf7 38. Qe2 Qf6 39. Qc2 Qf7 40. Qe2 Qf6
41. Qc2 Kh8 42. Qe2 Kg8 43. Ra5 Rd6 44. Qc2 Qf7 45. Qd3 Rb6 46. b3 g5 47. Rxa6
Rxa6 48. Qxa6 gxh4 49. gxh4 Qg7+ 50. Kf1 Qd7 51. b4 h5 52. Qd3 Ng7 53. Bg3 Qa4
54. Qd2 c6 55. Be5 Qb5+ 56. Kg1 Ne6 57. Bd6 Kf7 58. Qc2 Ng7 59. Kg2 Qa6 60. Be5
Qb5 61. Bd6 Qa6 62. Be5 Qb5 63. Bxg7 Kxg7 64. Qd2 Qc4 65. Kh2 Qb5 66. Qg2+ Kf7
67. Qg5 Qe2+ 68. Kg3 Ke6 69. Kf4 Qh2+ 70. Qg3 Qd2 71. Qg1 Qxb4 72. Qg6+ Ke7 73.
Qxf5 Qd2 74. Qxh5 Qh2+ 75. Kf5 Qc2+ 76. Kg5 Qd3 77. Kf4 Qe2 78. Qg5+ Kf7 79. Ke5
Qd2 1-0

[Event "Mistrzostwa Miedzywojewodzkie Juniorow OP-SL C11"]
[Site "OW ”Sudety” Pokrzywna "]
[Date "1899-12-30"]
[Round "7.3"]
[White "Sputowski, Jakub"]
[Black "Czernecki, Andrzej"]
[Result "0-1"]
[WhiteTitle "II"]
[BlackTitle "II+"]
[WhiteElo "1066"]
[BlackElo "1462"]

1. e4 c5 2. Nf3 d6 3. d4 cxd4 4. Nxd4 Nf6 5. Nc3 Nc6 6. Be3 Ng4 7. Qd2 Nxe3 8.
Qxe3 g6 9. Bb5 Bd7 10. O-O Bg7 11. Nxc6 bxc6 12. Bc4 O-O 13. Kh1 e6 14. Bb3 d5
15. e5 Qc7 16. f4 c5 17. Qg3 d4 18. Ne4 c4 19. Nd6 cxb3 20. cxb3 Rfd8 21. Rac1
Qb6 22. Rc4 Bf8 23. Rd1 Bxd6 24. exd6 d3 25. Rc3 Bb5 26. Qg5 Rxd6 27. Rdc1 Rc6
28. f5 Rxc3 29. bxc3 exf5 30. Qd2 Qd6 31. c4 Bc6 32. Kg1 Re8 33. Re1 Rxe1+ 34.
Qxe1 Qe6 35. Qxe6 fxe6 36. Kf2 e5 37. g3 e4 38. b4 d2 39. Ke2 e3 40. b5 Bf3+ 41.
Kxf3 d1=Q+ 42. Kxe3 Qd6 43. a3 g5 44. g4 f4+ 45. Ke4 Qc5 46. Kd3 f3 47. a4 f2
48. a5 f1=R 49. b6 axb6 50. a6 Qa5 51. c5 bxc5 52. a7 Qxa7 53. h4 Qa6+ 54. Ke3
Re1+ 55. Kd2 Qe2+ 56. Kc3 Rc1+ 57. Kb3 Qb5+ 58. Ka2 Rb1 59. hxg5 Qb2# 0-1

[Event "Mistrzostwa Miedzywojewodzkie Juniorow OP-SL C11"]
[Site "OW ”Sudety” Pokrzywna "]
[Date "1899-12-30"]
[Round "7.4"]
[White "Norek, Maciej"]
[Black "Jendrowiak, Maciej"]
[Result "1/2-1/2"]
[WhiteTitle "II+"]
[BlackTitle "II"]
[WhiteElo "1447"]
[BlackElo "1225"]

1. e4 c6 2. d4 d5 3. e5 c5 4. Bb5+ Bd7 5. Bxd7+ Nxd7 6. Nf3 e6 7. O-O cxd4 8. Qxd4
Bc5 9. Qd1 h6 10. b3 Ne7 11. Bb2 Ng6 12. Re1 Qc7 13. Nbd2 O-O 14. c4 Qb6 15. Rf1
Nf4 16. Rb1 Nd3 17. Qe2 Nf4 18. Qd1 Nd3 19. Qe2 Nf4 20. Qd1 Nd3 21. Qe2 Nf4 22.
Qd1 Nd3 1/2-1/2

[Event "Mistrzostwa Miedzywojewodzkie Juniorow OP-SL C11"]
[Site "OW ”Sudety” Pokrzywna "]
[Date "1899-12-30"]
[Round "7.5"]
[White "Myrmus, Mateusz"]
[Black "Maslanka, Wojciech"]
[Result "1-0"]
[WhiteTitle "II"]
[BlackTitle "II"]
[WhiteElo "1385"]
[BlackElo "1283"]

1. e4 e6 2. d4 d5 3. Nd2 dxe4 4. Nxe4 Bd7 5. Nf3 Bc6 6. Bd3 Nd7 7. O-O Ngf6 8.
Ng3 Be7 9. b3 Nd5 10. c4 Nb4 11. Bb2 Nxd3 12. Qxd3 Bf6 13. Rad1 Bxf3 14. Qxf3
c6 15. Ba1 O-O 16. Ne4 Be7 17. Qg3 Qb8 18. d5 Qxg3 19. hxg3 cxd5 20. cxd5 exd5
21. Rxd5 Nb6 22. Rd2 f5 23. Nc3 Bf6 24. Ne2 Bxa1 25. Rxa1 Rac8 26. Rad1 Rfe8 27.
Nd4 Re5 28. f4 Rd5 29. Kf2 Rcd8 30. Nf3 Rxd2+ 31. Rxd2 Rxd2+ 32. Nxd2 Kf7 33.
Ke3 Ke6 34. Kd4 Kd6 35. Nf3 g6 36. Ng5 h5 37. Nf7+ Ke7 38. Ne5 Kf6 39. Kc5 Nc8
40. a4 g5 41. a5 h4 42. gxh4 gxh4 43. Nf3 Ne7 44. Nxh4 Ke6 45. Nf3 Nc8 46. Nd4+
Kf6 47. Kd5 a6 48. b4 b6 49. Kc6 bxa5 50. bxa5 Ne7+ 51. Kc5 Kg6 52. Nc6 Kf6 53.
Nxe7 Kxe7 54. Kd5 Kf6 55. Kd6 1-0

[Event "Mistrzostwa Miedzywojewodzkie Juniorow OP-SL C11"]
[Site "OW ”Sudety” Pokrzywna "]
[Date "1899-12-30"]
[Round "7.6"]
[White "Karut, Kacper"]
[Black "Cieply, Krzysztof"]
[Result "1/2-1/2"]
[WhiteTitle "II"]
[BlackTitle "II"]
[WhiteElo "1190"]
[BlackElo "1302"]

1. e4 c5 2. Nf3 Nc6 3. d4 cxd4 4. Nxd4 Nf6 5. Nc3 e5 6. Ndb5 d6 7. Nd5 Nxd5 8.
exd5 Nb8 9. c4 Be7 10. g3 O-O 11. Bg2 a6 12. Nc3 Bf5 13. O-O Nd7 14. Be3 Bg5 15.
Qd2 Bxe3 16. Qxe3 Bg6 17. Rfe1 a5 18. f4 f6 19. Bh3 Nc5 20. f5 Be8 21. Ne4 Nxe4
22. Qxe4 Qb6+ 23. Qe3 Qxe3+ 24. Rxe3 Bd7 25. Rb3 Rfb8 26. Rc1 b6 27. Re3 Rc8 28.
g4 Rc5 29. b3 Rac8 30. Bf1 Rxd5 31. Rec3 Rd4 32. h3 Kf7 33. Bg2 Bc6 34. Bxc6 Rxc6
35. Kf1 Rd2 36. R3c2 Rxc2 37. Rxc2 Ke7 38. Ke2 Rc5 39. Kd3 d5 40. Rb2 b5 41. cxd5
Rxd5+ 42. Ke3 Kd6 43. Rc2 Rc5 44. Rd2+ Kc6 45. Ke4 Kc7 46. Rd5 Kb6 47. Rd7 Rc7
48. Rxc7 Kxc7 49. Kd5 Kb6 50. h4 b4 51. g5 h6 52. g6 Kc7 53. Ke6 1/2-1/2

[Event "Mistrzostwa Miedzywojewodzkie Juniorow OP-SL C11"]
[Site "OW ”Sudety” Pokrzywna "]
[Date "1899-12-30"]
[Round "7.7"]
[White "Bochenek, Ryszard"]
[Black "Chmiel, Pawel"]
[Result "0-1"]
[WhiteTitle "II"]
[BlackTitle "III"]
[WhiteElo "1233"]
[BlackElo "1295"]

1. e4 e5 2. Nf3 Nc6 3. Bc4 Bc5 4. b4 Bxb4 5. c3 Ba5 6. d4 exd4 7. O-O Nf6 8. cxd4
h6 9. Ba3 d6 10. d5 Ne7 11. Bb2 Bb6 12. Nbd2 Ng6 13. Bb5+ Bd7 14. Qa4 O-O 15.
Bxf6 Bxb5 16. Qxb5 Qxf6 17. Nc4 Rfe8 18. Nxb6 axb6 19. Rfe1 Rxe4 20. Rec1 Rae8
21. Qd7 R4e7 22. Qb5 Kh8 23. h3 Nf4 24. Kh2 Re2 25. Rg1 R8e7 26. Rgf1 Rxf2 27.
Rxf2 Qxa1 28. Qa4 Nxd5 29. Qa8+ Kh7 30. Qxb7 Nf6 31. Qc8 Qc1 32. Qf5+ Kh8 33.
Rc2 Qe3 34. Qc8+ Ne8 35. Qf5 Qe4 36. Qxe4 Rxe4 37. Kg3 Kh7 38. h4 Kg6 39. Kh3
Kf5 40. Rf2 Ke6 41. Rd2 Nf6 42. Nd4+ Kd7 43. Nf5 g5 44. Rf2 g4+ 45. Kh2 Nh5 46.
g3 Re6 47. Nd4 Rf6 48. Re2 c5 49. Nb5 d5 50. Nc3 d4 51. Na4 d3 52. Rd2 c4 53.
Nc3 Rf3 54. Ne4 f5 55. Nc3 Nxg3 56. Nd5 Nf1+ 57. Kg2 Nxd2 58. Nxb6+ Kc6 0-1

[Event "Mistrzostwa Miedzywojewodzkie Juniorow OP-SL C11"]
[Site "OW ”Sudety” Pokrzywna "]
[Date "1899-12-30"]
[Round "7.8"]
[White "Raclawicki, Tymoteusz"]
[Black "Goszyk, Bartosz"]
[Result "1-0"]
[WhiteTitle "III"]
[BlackTitle "II"]
[WhiteElo "1217"]
[BlackElo "1270"]

1. e4 c5 2. Nf3 d6 3. d4 cxd4 4. Nxd4 Nf6 5. Nc3 g6 6. Be3 Bg7 7. f3 Nc6 8. Qd2
O-O 9. O-O-O Nxd4 10. Bxd4 Be6 11. Kb1 Qc7 12. g4 Rfc8 13. h4 Qa5 14. a3 Rab8
15. Bh3 b5 16. g5 b4 17. axb4 Rxb4 18. Bxe6 fxe6 19. Na2 Rcb8 20. Nxb4 Rxb4 21.
gxf6 1-0

[Event "Mistrzostwa Miedzywojewodzkie Juniorow OP-SL C11"]
[Site "OW ”Sudety” Pokrzywna "]
[Date "1899-12-30"]
[Round "7.9"]
[White "Grodzicki, Piotr"]
[Black "Martyniak, Milosz"]
[Result "1/2-1/2"]
[WhiteTitle "II"]
[BlackTitle "II"]
[WhiteElo "1169"]
[BlackElo "1224"]

1. f4 d5 2. Nf3 Nf6 3. e3 e6 4. b3 Nbd7 5. Bb2 b6 6. Bb5 Be7 7. d3 Bb7 8. Bxd7+
Qxd7 9. Ne5 Qd8 10. Nd2 Bc5 11. Qe2 Qe7 12. a3 a5 13. O-O O-O 14. Qe1 Nd7 15.
d4 Bd6 16. Kh1 Nf6 17. Rg1 Bxe5 18. fxe5 Ng4 19. Qg3 Nh6 20. Raf1 Nf5 21. Qh3
Qh4 22. Qxh4 Nxh4 23. g4 Rac8 24. Nf3 Ng6 25. h4 c5 26. h5 Ne7 27. Rf2 c4 28.
a4 Ba6 29. Ba3 Rfe8 30. Rc1 Nc6 31. Ng5 Rc7 32. Bd6 Rb7 33. Rb1 h6 34. Nh3 Rc8
35. g5 hxg5 36. Nxg5 Nb4 37. h6 gxh6 38. Nxf7 Rxf7 39. Rg1+ Rg7 40. Rxg7+ Kxg7
41. Rg2+ Kh7 42. Be7 Rg8 43. Rf2 cxb3 44. cxb3 Bd3 45. Rf7+ Rg7 46. Rxg7+ Kxg7
47. Bd8 Bc2 48. Bxb6 Bxb3 49. Bxa5 Nc6 50. Bd2 Bxa4 51. Kh2 Bc2 52. Kg3 Ne7 53.
Kh2 Nf5 54. Kg1 Be4 55. Kh2 Kg6 56. Kh3 Kg5 57. Bc1 h5 58. Bd2 Bd3 59. e4+ Kg6
60. exf5+ Kxf5 61. Kh4 Be2 62. Be3 Ke4 63. Bg1 Bg4 64. Bf2 1/2-1/2

[Event "Mistrzostwa Miedzywojewodzkie Juniorow OP-SL C11"]
[Site "OW ”Sudety” Pokrzywna "]
[Date "1899-12-30"]
[Round "7.10"]
[White "Grzybek, Mikolaj"]
[Black "Myszor, Przemyslaw"]
[Result "1-0"]
[WhiteTitle "II"]
[BlackTitle "II"]
[WhiteElo "1285"]
[BlackElo "1076"]

1. e4 e6 2. d4 d5 3. exd5 Qxd5 4. Nf3 c5 5. Nc3 Qd8 6. Be3 cxd4 7. Bxd4 Nc6 8.
Bb5 Bd7 9. Ne5 a6 10. Qf3 Nxe5 11. Bxd7+ Nxd7 12. O-O-O Ngf6 13. Bxf6 Qxf6 14.
Qxb7 Rd8 15. Ne4 Qf4+ 16. Kb1 Qb8 17. Rxd7 Qxb7 18. Rxb7 Rd7 19. Rxd7 Kxd7 20.
Rd1+ Ke8 21. c4 Be7 22. Nd6+ Bxd6 23. Rxd6 a5 24. Ra6 Kd7 25. Rxa5 Rb8 26. b3
Kc6 27. Ra7 Rf8 28. Kb2 Kb6 29. Re7 Kc6 30. b4 Kd6 31. Ra7 g5 32. a4 h5 33. Kc3
f5 34. Rh7 h4 35. g3 hxg3 36. hxg3 f4 37. g4 Rg8 38. a5 e5 39. Rh6+ Kc7 40. b5
e4 41. Re6 1-0

[Event "Mistrzostwa Miedzywojewodzkie Juniorow OP-SL C11"]
[Site "OW ”Sudety” Pokrzywna "]
[Date "1899-12-30"]
[Round "7.11"]
[White "Miler, Franciszek"]
[Black "Bernacki, Michal"]
[Result "1/2-1/2"]
[WhiteTitle "III"]
[BlackTitle "II"]
[WhiteElo "1131"]
[BlackElo "1118"]

1. e4 e6 2. d4 d5 3. e5 c5 4. Nf3 Qb6 5. Bd3 Nc6 6. O-O cxd4 7. Nbd2 Nge7 8. Nb3
Bd7 9. Bf4 Ng6 10. Bg3 Be7 11. Bxg6 fxg6 12. Nbxd4 Nxd4 13. Qxd4 Qxd4 14. Nxd4
O-O 15. c3 Bc5 16. Rac1 Bxd4 17. cxd4 Rac8 18. f3 g5 19. Bf2 Bb5 20. Rfe1 Rc4
21. b3 Rc6 22. Be3 h6 23. a4 Bd3 24. Rxc6 bxc6 25. Rc1 Rc8 26. Bd2 a6 27. Rc3
Bg6 28. Bc1 Be8 29. Ba3 Bd7 30. Bd6 Kf7 31. b4 Kg6 32. Rc5 Rd8 33. Ra5 Bc8 34.
Rc5 Bb7 35. b5 axb5 36. axb5 cxb5 37. Rxb5 Ba6 38. Rb6 Bc4 39. Rc6 Rd7 40. Bc5
Kf7 41. g3 Rb7 42. Rd6 Rb1+ 43. Kg2 Rb2+ 44. Kg1 Rb1+ 45. Kg2 Rb2+ 46. Kg1 Rb1+
47. Kg2 Rb2+ 48. Kg1 Rb1+ 1/2-1/2

[Event "Mistrzostwa Miedzywojewodzkie Juniorow OP-SL C11"]
[Site "OW ”Sudety” Pokrzywna "]
[Date "1899-12-30"]
[Round "7.12"]
[White "Jasionowski, Filip"]
[Black "Sidlo, Szymon"]
[Result "1-0"]
[WhiteTitle "II"]
[BlackTitle "II"]
[WhiteElo "1149"]
[BlackElo "1148"]

1. e4 c5 2. Nf3 e6 3. d4 cxd4 4. Nxd4 a6 5. Bc4 b5 6. Bb3 Bb7 7. f3 d6 8. Be3 Nf6
9. Nc3 Be7 10. Qd2 Nbd7 11. O-O O-O 12. a3 e5 13. Nde2 Qc7 14. Ng3 Nb6 15. Bxb6
Qxb6+ 16. Qf2 Bd8 17. Nf5 Qxf2+ 18. Kxf2 Bb6+ 19. Ke2 Rfd8 20. Nd5 Nxd5 21. Bxd5
Bxd5 22. Ne7+ Kf8 23. Nxd5 Rab8 24. Rad1 a5 25. c3 Rdc8 26. Rd2 a4 27. Nxb6 Rxb6
28. Rfd1 Ke7 29. h4 h5 30. Ke3 Rh8 31. Kd3 Rc6 32. Kc2 Rhc8 33. Rd5 Rb8 34. f4
f6 35. f5 Rbb6 36. Rg1 Rc5 37. Rd3 Rc4 38. g4 Rxe4 39. gxh5 Kf8 40. Rdg3 Rb7 41.
h6 Rxh4 42. hxg7+ Kg8 43. Rg6 Rf7 44. Rd1 Rxg7 45. Rxf6 Rh2+ 46. Kb1 Rgg2 47.
Rg6+ Rxg6 48. fxg6 e4 49. Rxd6 e3 50. Rd1 Rf2 51. Re1 e2 52. Kc2 Kg7 53. Kd3 Kxg6
54. Rxe2 Rf5 55. Kd4 Kf6 56. c4 Rf4+ 57. Re4 Rf1 58. cxb5 Rd1+ 59. Kc3 Rc1+ 60.
Kb4 Rb1 61. Re2 Rd1 62. Kxa4 Rd4+ 63. b4 Rd8 64. b6 Ra8+ 65. Kb5 Rb8 66. a4 Rh8
67. b7 Rb8 68. Kb6 Kf7 69. Kc7 Rxb7+ 70. Kxb7 1-0

[Event "Mistrzostwa Miedzywojewodzkie Juniorow OP-SL C11"]
[Site "OW ”Sudety” Pokrzywna "]
[Date "1899-12-30"]
[Round "8.1"]
[White "Myrmus, Mateusz"]
[Black "Herwy, Jakub"]
[Result "0-1"]
[WhiteTitle "II"]
[BlackTitle "II+"]
[WhiteElo "1385"]
[BlackElo "1331"]

1. e4 c5 2. Nf3 Nc6 3. Bb5 d6 4. Bxc6+ bxc6 5. O-O e5 6. c3 Bg4 7. h3 Bxf3 8. Qxf3
Qf6 9. Qe2 Qe6 10. Qa6 Qc8 11. Qa4 g6 12. d3 Bg7 13. Nd2 Ne7 14. Nc4 Qc7 15. f4
O-O 16. f5 f6 17. fxg6 hxg6 18. Qd1 d5 19. Nd2 Rad8 20. Qg4 Qd6 21. Qh4 Rf7 22.
Rf3 f5 23. g4 Rdf8 24. exf5 gxf5 25. g5 Ng6 26. Qg3 Qe7 27. h4 e4 28. Rf1 Be5
29. Qh3 Nf4 30. Rxf4 Bxf4 31. Nf1 Bxc1 32. Rxc1 Rh7 33. Qg3 f4 34. Qe1 Qe6 35.
Rc2 Qg4+ 36. Rg2 Qxh4 37. Qxh4 Rxh4 38. dxe4 dxe4 39. Nd2 f3 40. Rg3 Rd8 41. Nc4
Rd1+ 42. Kf2 Rh2+ 43. Ke3 f2 44. Nd2 Rxd2 0-1

[Event "Mistrzostwa Miedzywojewodzkie Juniorow OP-SL C11"]
[Site "OW ”Sudety” Pokrzywna "]
[Date "1899-12-30"]
[Round "8.2"]
[White "Czernecki, Andrzej"]
[Black "Bogusz, Alan"]
[Result "1/2-1/2"]
[WhiteTitle "II+"]
[BlackTitle "II+"]
[WhiteElo "1462"]
[BlackElo "1754"]

1. e4 c5 2. Nf3 e6 3. d4 cxd4 4. Nxd4 Nc6 5. Nb5 d6 6. Bf4 e5 7. Be3 a6 8. N5c3
Nf6 9. Bg5 Be7 10. Bxf6 Bxf6 11. Nd5 O-O 12. Be2 Bg5 13. O-O Be6 14. Nbc3 b5 15.
a4 b4 16. Na2 a5 17. c3 bxc3 18. Naxc3 Ne7 19. b3 Bxd5 20. Nxd5 Nxd5 21. Qxd5
Rc8 22. Rfd1 Be7 23. Bc4 Rc5 24. Qd3 Qc8 25. Qf3 Qc7 26. h3 Bf6 27. Ra2 Rd8 28.
Rad2 h6 29. Rd5 Qb6 30. Rxc5 dxc5 31. Rxd8+ Qxd8 32. Qd3 Qxd3 33. Bxd3 Bg5 34.
Bc4 Bd2 35. Kf1 Kf8 36. Ke2 Bb4 37. Kd3 f6 38. Bd5 Ke7 39. f3 Kd6 40. Kc4 Ke7
41. Kd3 Kd6 42. Kc4 1/2-1/2

[Event "Mistrzostwa Miedzywojewodzkie Juniorow OP-SL C11"]
[Site "OW ”Sudety” Pokrzywna "]
[Date "1899-12-30"]
[Round "8.3"]
[White "Wiatrowski, Zbigniew"]
[Black "Norek, Maciej"]
[Result "1-0"]
[WhiteTitle "II"]
[BlackTitle "II+"]
[WhiteElo "1403"]
[BlackElo "1447"]

1. e4 g6 2. d4 Bg7 3. Nc3 d6 4. Nf3 e6 5. Bc4 a6 6. a4 b6 7. Qe2 Nd7 8. Bd2 Bb7
9. O-O Ne7 10. Bb3 O-O 11. Be3 c5 12. Rad1 Qc7 13. dxc5 Nxc5 14. Bxc5 dxc5 15.
Rfe1 Rac8 16. Bc4 Ra8 17. Bd3 Nc6 18. Nb1 Ne5 19. Nxe5 Bxe5 20. h3 Qc6 21. b3
Rfd8 22. Nd2 Bc3 23. Rf1 Bxd2 24. Rxd2 e5 25. Rfd1 Re8 26. f3 Qc7 27. Bc4 Kg7
28. Rd7 Qc8 29. Rxf7+ Kh8 30. Rdd7 1-0

[Event "Mistrzostwa Miedzywojewodzkie Juniorow OP-SL C11"]
[Site "OW ”Sudety” Pokrzywna "]
[Date "1899-12-30"]
[Round "8.4"]
[White "Pisarek, Jan"]
[Black "Karut, Kacper"]
[Result "0-1"]
[WhiteTitle "II"]
[BlackTitle "II"]
[WhiteElo "1371"]
[BlackElo "1190"]

1. e4 c5 2. Nf3 e6 3. d4 cxd4 4. Nxd4 a6 5. Bd3 Nf6 6. O-O d6 7. c4 Nbd7 8. Nc3
Be7 9. Qe2 Qc7 10. b3 b6 11. Bb2 Bb7 12. Rad1 O-O 13. Bb1 Rfd8 14. f4 Nc5 15.
b4 Ncd7 16. a3 Rac8 17. Bd3 Nb8 18. g4 Nc6 19. Nxc6 Qxc6 20. g5 Ne8 21. h4 g6
22. h5 Ng7 23. hxg6 hxg6 24. Qh2 Bf8 25. Ne2 d5 26. cxd5 exd5 27. Ng3 dxe4 28.
Nxe4 Nh5 29. f5 Qc7 30. fxg6 Qxh2+ 31. Kxh2 fxg6 32. Nf6+ Nxf6 33. Bxf6 Re8 34.
Rfe1 Kh7 35. Bb1 Bc6 36. Ba2 Ba4 37. Rxe8 Rxe8 38. Kg3 Bxd1 0-1

[Event "Mistrzostwa Miedzywojewodzkie Juniorow OP-SL C11"]
[Site "OW ”Sudety” Pokrzywna "]
[Date "1899-12-30"]
[Round "8.5"]
[White "Cieply, Krzysztof"]
[Black "Sputowski, Jakub"]
[Result "0-1"]
[WhiteTitle "II"]
[BlackTitle "II"]
[WhiteElo "1302"]
[BlackElo "1066"]

1. d4 d5 2. c4 Nc6 3. Nc3 Nf6 4. cxd5 Nxd5 5. e4 Nxc3 6. bxc3 e6 7. Nf3 Be7 8.
Bd3 a6 9. O-O O-O 10. Bf4 Bd6 11. Be3 e5 12. d5 Ne7 13. h3 f6 14. c4 Ng6 15. c5
Be7 16. Bc4 Kh8 17. Qd2 Nf4 18. Rad1 Qe8 19. d6 Nxh3+ 20. gxh3 Bxh3 21. Kh1 Bxf1
22. Bxf1 Qh5+ 23. Nh2 Rfd8 24. Be2 Qg6 25. Bf3 cxd6 26. cxd6 Rxd6 27. Qc2 Rxd1+
28. Qxd1 Rd8 29. Qe2 Qe8 30. Qc4 Rc8 31. Qd5 Rc6 32. Bd1 Rd6 33. Qb3 Qb5 34. Qxb5
Rxd1+ 35. Qf1 Rxf1+ 36. Nxf1 Kg8 37. Kg2 Kf7 38. Kf3 Ke6 39. Ke2 Kd6 40. Kd3 Kc6
41. Kc4 b5+ 42. Kc3 Bc5 43. Bxc5 Kxc5 44. Ng3 g6 45. f3 h5 46. Ne2 h4 47. Ng1
b4+ 48. Kd3 a5 49. Nh3 a4 50. Ng1 Kb5 51. Nh3 a3 52. Kc2 Kc4 53. Ng1 f5 54. exf5
gxf5 55. Nh3 e4 56. fxe4 fxe4 57. Nf2 e3 58. Ne4 h3 59. Ng3 h2 60. Nh1 Kd4 61.
Ng3 h1=Q 62. Nxh1 e2 63. Ng3 e1=Q 0-1

[Event "Mistrzostwa Miedzywojewodzkie Juniorow OP-SL C11"]
[Site "OW ”Sudety” Pokrzywna "]
[Date "1899-12-30"]
[Round "8.6"]
[White "Chmiel, Pawel"]
[Black "Raclawicki, Tymoteusz"]
[Result "0-1"]
[WhiteTitle "III"]
[BlackTitle "III"]
[WhiteElo "1295"]
[BlackElo "1217"]

1. e4 c5 2. Nf3 d6 3. d4 cxd4 4. Nxd4 Nf6 5. Nc3 Nc6 6. Bc4 g6 7. O-O Bg7 8. Re1
O-O 9. Kh1 Ng4 10. Be3 Nxe3 11. fxe3 Rb8 12. Qd3 Ne5 13. Qe2 Bg4 14. Qf1 Nxc4
15. Qxc4 Rc8 16. Qd3 h5 17. h3 Bd7 18. Nce2 Rc7 19. c4 Qc8 20. Kh2 Rxc4 21. b3
Rc7 22. Rac1 Rxc1 23. Rxc1 Qb8 24. Kh1 Rc8 25. Rxc8+ Qxc8 26. Qc3 Qxc3 27. Nxc3
Bh6 28. Nd5 Kf8 29. Nc2 Bc6 30. Kg1 e6 31. Nc3 Bg7 32. Nd4 Ke7 33. Kf2 Bxd4 34.
exd4 b5 35. Ke3 b4 36. Ne2 f5 37. exf5 exf5 38. Nf4 Kf6 39. d5 Bd7 40. Kd4 h4
41. Kc4 g5 42. Nd3 a5 43. Kd4 g4 44. Nf2 g3 45. Nd3 Bb5 46. Ke3 Bxd3 47. Kxd3
Ke5 48. Kc4 f4 49. Kb5 f3 50. gxf3 g2 0-1

[Event "Mistrzostwa Miedzywojewodzkie Juniorow OP-SL C11"]
[Site "OW ”Sudety” Pokrzywna "]
[Date "1899-12-30"]
[Round "8.7"]
[White "Jendrowiak, Maciej"]
[Black "Bochenek, Ryszard"]
[Result "0-1"]
[WhiteTitle "II"]
[BlackTitle "II"]
[WhiteElo "1225"]
[BlackElo "1233"]

1. d4 Nf6 2. c4 g6 3. Nc3 Bg7 4. e4 d6 5. Be2 O-O 6. Bg5 Nbd7 7. Qd2 c5 8. d5 a6
9. Bh6 Rb8 10. Bxg7 Kxg7 11. f3 Qa5 12. Nb1 Qxd2+ 13. Nxd2 b5 14. cxb5 axb5 15.
b3 Ba6 16. a4 Rfc8 17. axb5 Bxb5 18. Rc1 Bxe2 19. Nxe2 Ne5 20. Rc3 Ra8 21. O-O
Ra2 22. Rd1 Rca8 23. Kf1 Rb2 24. Nc4 Nxc4 25. bxc4 Raa2 26. Re1 Nd7 27. Nc1 Ra1
28. Nd3 Rxe1+ 29. Nxe1 Nb6 30. Nc2 Ra2 31. Ne3 h5 32. f4 Rb2 33. e5 Rb4 34. f5
dxe5 35. fxg6 fxg6 36. Kf2 e4 37. Kg3 g5 38. Kf2 Kf6 39. g4 Rb2+ 40. Kg3 h4+ 41.
Kh3 Ke5 42. Nf5 e6 43. dxe6 Kxe6 44. Re3 Ke5 45. Nxh4 gxh4 46. Kxh4 Rxh2+ 47.
Kg3 Rc2 48. g5 Kf5 49. g6 Kxg6 50. Rxe4 Rc3+ 51. Kf4 Rxc4 52. Rxc4 Nxc4 53. Ke4
Nb6 54. Ke5 c4 55. Kd4 Kf5 56. Kc3 Ke4 57. Kd2 Na4 58. Kc1 Kd3 59. Kd1 Nb2+ 0-1

[Event "Mistrzostwa Miedzywojewodzkie Juniorow OP-SL C11"]
[Site "OW ”Sudety” Pokrzywna "]
[Date "1899-12-30"]
[Round "8.8"]
[White "Maslanka, Wojciech"]
[Black "Grodzicki, Piotr"]
[Result "1-0"]
[WhiteTitle "II"]
[BlackTitle "II"]
[WhiteElo "1283"]
[BlackElo "1169"]

1. e4 c6 2. d4 d5 3. exd5 cxd5 4. c4 Nf6 5. Nc3 e6 6. Bg5 Be7 7. c5 O-O 8. Bd3
b6 9. b4 a5 10. a3 axb4 11. axb4 Rxa1 12. Qxa1 bxc5 13. bxc5 e5 14. dxe5 Ne4 15.
Bxe7 Qxe7 16. Nxd5 Qxc5 17. Bxe4 Be6 18. Qc3 Qb5 19. Nc7 Qa4 20. Bc2 Qf4 21. Ne2
Qh4 22. Nxe6 fxe6 23. O-O Nd7 24. Bb3 Qe7 25. Nd4 Nc5 26. Qc4 Kh8 27. Nxe6 Nxe6
28. Qxe6 Qb4 29. Qd6 1-0